Online Catalogue and eLibrary

Tribal and peasant life in the nineteenth centurary India (Record no. 1955)

MARC details
000 -LEADER
fixed length control field 00242nam a2200097Ia 4500
008 - FIXED-LENGTH DATA ELEMENTS--GENERAL INFORMATION
fixed length control field 240331s9999 xx 000 0 und d
082 ## - DDC Classification
Item Number - Author Mark BAL
100 ## - MAIN ENTRY--PERSONAL NAME
Personal name Ball, V
245 #0 - TITLE STATEMENT
Title Tribal and peasant life in the nineteenth centurary India
942 ## - Koha item type (Biblio)
Koha item type Books in Stacks (Lending)

No items available.

© WERC Library